Attitudes and the value of biodiversity (Registro nro. 1274)

Detalles MARC
000 -CABECERA
Campo de control 00963nam a2200229 a 4500
005 - FECHA Y HORA DE LA ULTIMA TRANSACCION
Campo de control 20180803164905.0
008 - ELEMENTOS DE LONGITUD FIJA—INFORMACION GENERAL
Campo de control 140226b1998 xxua gr|||| 00| 0 spa d
040 ## - FUENTE DE CATALOGACIÓN
Agencia catalogadora original CO-BoIAVH
Agencia transcriptora CO-BoIAVH
041 ## - IDIOMA
Código de idioma para texto/pista de sonido o título separado Inglés
044 ## - PAÍS DE PUBLICACIÓN
País de publicación Colombia
082 04 - NUMERO DE CLASIFICACION DECIMAL DEWEY
Número de clasificación 333.9516079
Número del ítem I22a
100 1# - ASIENTO PRINCIPAL--NOMBRE PERSONAL
Nombre personal Ierland, Ekko C. Van
9 (RLIN) 11596
245 1# - MENCION DE TITULO
Título Attitudes and the value of biodiversity
Parte restante del título a paper on biodiversity valuation and statements by participants of Benin, Bhutan, Costa Rica and The Netherlands at the workshop "Biodiversity Valuat
260 ## - PUBLICACION, DISTRIBUCION, ETC. (PIE DE IMPRENTA)
Lugar de publicación, distribución, etc. San José
Nombre del editor, distribuidor, etc. Department of Economics and Management Wageningen Agricultural Univerity
-- Departament of Science
-- Technology and society
-- Utrecht University
Fecha de publicación, distribución, etc. 1998
300 ## - DESCRIPCION FISICA
Extensión 62 paginas. :
Dimensiones 24 x 17 cm.
650 #6 - ASIENTO SECUNDARIO DE MATERIA - TERMINO TEMATICO
Término temático o nombre geográfico como elemento de entrada Biodiversidad
9 (RLIN) 92204
650 #4 - ASIENTO SECUNDARIO DE MATERIA - TERMINO TEMATICO
Término temático o nombre geográfico como elemento de entrada Valoración ambiental
9 (RLIN) 7515
650 #4 - ASIENTO SECUNDARIO DE MATERIA - TERMINO TEMATICO
Término temático o nombre geográfico como elemento de entrada Valoración económica
9 (RLIN) 4196
700 1# - ASIENTO SECUNDARIO - NOMBRE PERSONAL
Nombre personal Kruijf, Hans A. M. De
9 (RLIN) 11598
700 1# - ASIENTO SECUNDARIO - NOMBRE PERSONAL
Nombre personal Heide, C. Martijn van der
9 (RLIN) 11599
942 ## - ELEMENTOS ADICIONALES (KOHA)
Tipo de ítem Libro
Sistema de clasificación Dewey Decimal Classification
Existencias
Withdrawn status Lost status Sistema de Clasificación Damaged status No para préstamo Colección Inventariado Ubicación Permanente Ubicación actual Fecha de adquisición Valor Total Checkouts Número topográfico Inventario / Código de Barras Date last seen Ejemplar Price effective from Forma de adquisición Tipo de material
    Dewey Decimal Classification     General Inventariado 2017 Bogotá Bogotá 01/05/1999 60000.00   LB-333.9516079 I22a 001714 19/08/2016 Ej. 1 04/12/2012   Libro